01638nab a22003017a 4500003000400000005001700004008004100021040000700062100002700069245019000096260007300286300001500359500002600374505043200400505008200832650001800914650003300932650002100965650003200986650002501018650002501043650002501068650002501093650001301118650003001131700002401161773015101185OSt20250211140805.0190429b xxu||||| |||| 00| 0 spa d cPJ aTimpanaro, Berenice L.10aEjecución penal de crímenes de lesa humanidad y genocidio en la Argentina. Criterios específicos y participación de las víctimas / cBerenice L. Timpanaro, Julieta Colantuono. cCiudad Autónoma de Buenos Aires :aThomson Reuters La Ley, b2025. ap. 183-198 aCita: AR/DOC/73/2025. aSumario: I. Introducción.— II. El derecho penal internacional como marco normativo para la ejecución penal de condenas por delitos de genocidio y de lesa humanidad.— III. Estándares internacionales de la participación de la víctima en procesos judiciales de graves violaciones a los derechos humanos y la regulación local.— IV. Jurisprudencia.— V. Reflexiones finales.— VI. Referencias bibliográficas.  tSi te interesa el texto completo, solicitalo a koha@justierradelfuego.gov.ar  0aDERECHO PENAL 0aCRÍMENES DE LESA HUMANIDAD 0aDERECHOS HUMANOS 0aDERECHO INTERNACIONAL PENAL 0aLIBERTAD CONDICIONAL 0aDERECHO A SER OÍDO 0aPRISION DOMICILIARIA 0aVÍCTIMA DEL DELITO 0aQUERELLA 0aCORTE PENAL INTERNACIONAL aColantuono, Julieta0 02658tRevista de derecho penal y criminología. Nº 1 - Febrero 2025dCiudad Autónoma de Buenos Aires : Thomson Reuters La Ley, 2017-x00347914